[Event "Høstturnering"]
[Site "Ås"]
[Date "1990.10.30"]
[Round "5"]
[White "Furnes, Torstein"]
[Black "Weberg, Øyvind"]
[Result "0-1"]
[WhiteElo "1142"]
[BlackElo "1618"]
[PlyCount "114"]
[EventDate "1990.09.18"]

1. d4 Nf6 2. c4 e5 3. d5 d6 4. Nc3 g6 5. Nf3 Bg7 6. Bg5 Nbd7 7. e4 O-O 8. Be2
Nb6 9. O-O Bg4 10. Nd2 Bxe2 11. Qxe2 Qd7 12. f4 exf4 13. Rxf4 Nh5 14. Rf3 Rae8
15. Qd3 Qg4 16. Be3 Nd7 17. Rf2 Ne5 18. Qe2 a6 19. Bd4 Qxe2 20. Rxe2 Nf4 21.
Rf2 Nfd3 22. Rff1 Bh6 23. Nf3 Nxf3+ 24. Rxf3 Ne5 25. Rf2 Nxc4 26. Raf1 c5 27.
dxc6 bxc6 28. Re2 Re6 29. Kh1 Nd2 30. Rf6 c5 31. Rxe6 fxe6 32. Bf2 Kf7 33. Bg3
Ke7 34. Rf2 Rxf2 35. Bxf2 Bg7 36. Kg1 Bxc3 37. bxc3 Nxe4 38. Be1 Kd7 39. Kf1
Kc6 40. Ke2 d5 41. Kd3 Nd6 42. Bg3 c4+ 43. Ke2 Nf5 44. Be5 Kb5 45. g4 Ne7 46.
h4 Nc6 47. Bg7 Ka4 48. Bf8 e5 49. Ke3 a5 50. Bc5 Kb5 51. Bf8 d4+ 52. Kd2 Nd8
53. Bg7 Nc6 54. Bf8 Kb6 55. Kc2 Kc7 56. Kd2 Kd7 57. Kc2 Ke6 0-1

[Event "Høstturnering"]
[Site "Ås"]
[Date "1990.10.30"]
[Round "5"]
[White "Olsen, Trygve"]
[Black "Wilberg, Alf"]
[Result "0-1"]
[WhiteElo "1324"]
[BlackElo "1498"]
[PlyCount "78"]
[EventDate "1990.09.18"]

1. d4 Nf6 2. c4 e5 3. a3 $6 exd4 4. Qxd4 Nc6 5. Qe3+ Be7 6. b4 d6 7. Nf3 O-O 8.
Nc3 Be6 9. Qd3 Ng4 10. e4 Nge5 11. Nxe5 Nxe5 12. Qc2 Nxc4 13. Nd5 Bxd5 14. exd5
Bf6 15. Bxc4 Bxa1 16. O-O Be5 17. Bd3 h6 $2 18. Qc4 f5 19. f4 Bf6 20. Kh1 Qd7
21. Qc2 Bd4 22. a4 a6 23. Qc4 Ba7 24. a5 Rae8 25. h3 Rf7 26. Qc2 Kh8 27. Bd2 c6
28. dxc6 Qxc6 29. Qxc6 bxc6 30. Bxa6 Bd4 31. Rc1 c5 32. b5 $6 Ra7 $1 33. Re1
Rea8 34. Re6 Rxa6 35. b6 $2 Kh7 36. Rxd6 Rxa5 37. b7 Ra1+ 38. Kh2 Rb8 39. Rb6
Ra7 0-1

[Event "Høstturnering"]
[Site "Ås"]
[Date "1990.11.13"]
[Round "5"]
[White "Nordal, Sven"]
[Black "Lea, Per"]
[Result "1/2-1/2"]
[WhiteElo "1646"]
[BlackElo "1618"]
[PlyCount "50"]
[EventDate "1990.09.18"]

1. e4 e5 2. Nf3 Nc6 3. d4 exd4 4. Nxd4 Bc5 5. Be3 Nxd4 6. Bxd4 Bxd4 7. Qxd4 Nf6
8. Nc3 d6 9. Bc4 O-O 10. O-O-O Bd7 11. f3 a6 12. Kb1 b5 13. Bb3 Qe8 14. a3 Qe5
15. Nd5 Qxd4 16. Rxd4 Nxd5 17. Bxd5 Rae8 18. Rhd1 Be6 19. Kc1 Bxd5 20. Rxd5 Re6
21. c3 Rd8 22. e5 Kf8 23. exd6 Rdxd6 24. Rxd6 cxd6 25. Rd2 Ke7 1/2-1/2

[Event "Høstturnering"]
[Site "Ås"]
[Date "1990.11.06"]
[Round "6"]
[White "Weberg, Øyvind"]
[Black "Nordal, Sven"]
[Result "1-0"]
[WhiteElo "1618"]
[BlackElo "1646"]
[PlyCount "59"]
[EventDate "1990.09.18"]

1. e4 c5 2. Nf3 d6 3. d4 cxd4 4. Nxd4 Nf6 5. Nc3 a6 6. Be2 e5 7. Nb3 Be6 8. Bg5
Be7 9. O-O Nbd7 10. Qd2 Rc8 11. Bf3 Qc7 12. Rfe1 O-O 13. Rac1 Rfe8 14. Bxf6
Nxf6 15. Nd5 Nxd5 16. exd5 Bf5 17. Be4 Bxe4 18. Rxe4 f5 19. Re2 h6 20. Rd1 Bf6
21. c3 e4 22. Nd4 Bxd4 23. Qxd4 Kf7 24. Re3 Qc4 25. Qb6 Qc7 26. Qb4 Re7 27. f3
exf3 28. Rxf3 g6 29. g4 Re4 $4 30. Qxe4 1-0

[Event "Høstturnering"]
[Site "Ås"]
[Date "1990.11.06"]
[Round "6"]
[White "Grønvold, Jan"]
[Black "Wilberg, Alf"]
[Result "0-1"]
[WhiteElo "1122"]
[BlackElo "1498"]
[PlyCount "46"]
[EventDate "1990.09.18"]

1. e4 c6 2. d4 d5 3. Nc3 dxe4 4. Nxe4 Nf6 5. f3 Bf5 6. Nxf6+ gxf6 7. g4 Bg6 8.
Bc4 e6 9. h4 h5 10. Ne2 hxg4 11. fxg4 Be4 12. Rh3 Bd6 13. Bf4 Qc7 14. Qd2 Nd7
15. O-O-O O-O-O 16. Qe3 Bd5 17. Bxd5 cxd5 18. Bxd6 Qxd6 19. Qc3+ Kb8 20. Qa5
Nb6 21. Ra3 a6 22. Nc3 $2 Nc4 23. Nb5 $2 Qf4+ 0-1

[Event "Høstturnering"]
[Site "Ås"]
[Date "1990.11.06"]
[Round "6"]
[White "Rosenfeld, Hans Joakim"]
[Black "Olsen, Trygve"]
[Result "1-0"]
[WhiteElo "1251"]
[BlackElo "1324"]
[PlyCount "27"]
[EventDate "1990.09.18"]

1. e4 Nc6 2. Nf3 e5 3. Bc4 Nf6 4. Ng5 d5 5. exd5 Nxd5 6. d4 Be7 7. Nxf7 Kxf7 8.
Qf3+ Bf6 9. Bxd5+ Kf8 10. Bxc6 exd4 11. Be4 Kf7 12. O-O c6 13. Bg5 Re8 14. Qh5+
1-0

[Event "Høstturnering"]
[Site "Ås"]
[Date "1990.11.06"]
[Round "6"]
[White "Lea, Per"]
[Black "Furnes, Torstein"]
[WhiteElo "1618"]
[BlackElo "1142"]
[Result "1-0"]
[PlyCount "87"]
[EventDate "1990.09.18"]
1.e4 e5 2.Nf3 Nc6 3.Bb5 a6 4.Ba4 Nf6 5.O-O Be7 6.Re1 b5 7.Bb3 O-O 8.
c3 Re8 9.Ng5 Rf8 10.d4 Bb7 11.Nf3 exd4 12.cxd4 Na5 13.Bc2 d5 14.e5
Nd7 15.Qd3 g6 16.Bh6 Re8 17.Nc3 Bf8 18.Bxf8 Nxf8 19.Ne2 Ne6 20.Ng3
Nc4 21.b3 Nb6 22.h4 Rc8 23.h5 c5 24.hxg6 fxg6 25.Rac1 Qe7 26.Ne2 Rf8
27.Nh2 Qh4 28.Nf3 Qg4 29.Nh2 Qg5 30.Nf3 Qe7 31.Nh2 Rf7 32.Ng4 Qh4 33.
Nf6+ Kh8 34.dxc5 Nxc5 35.Qd4 Qxd4 36.Nxd4 Ncd7 37.Nxd7 Rxd7 38.f4 Rdc7
39.e6 Kg8 40.f5 gxf5 41.e7 Kf7 42.Nxf5 Rd7 43.Rf1 Ke8 44.Rce1
1-0

[Event "Høstturnering"]
[Site "Ås"]
[Date "1990.11.20"]
[Round "7"]
[White "Wilberg, Alf"]
[Black "Nordal, Sven"]
[Result "1/2-1/2"]
[WhiteElo "1498"]
[BlackElo "1646"]
[PlyCount "87"]
[EventDate "1990.09.18"]

1. d4 d5 2. Nf3 Nf6 3. Bf4 Bf5 4. e3 e6 5. Nbd2 Nbd7 6. h3 c5 7. c3 a6 8. Nh4
Bg6 9. Nxg6 hxg6 10. g4 Qb6 11. Rb1 Bd6 12. Bxd6 Qxd6 13. Bg2 Rb8 14. O-O b5
15. Qe2 O-O 16. f4 cxd4 17. cxd4 Nb6 18. g5 Nfd7 19. h4 f5 20. h5 Kf7 21. hxg6+
Kxg6 22. Kf2 Rh8 23. Rh1 Kf7 24. Rbc1 g6 25. Nf3 Kg7 26. b3 Rbc8 27. Qd2 Rxc1
28. Rxc1 Rc8 29. Rxc8 Nxc8 30. Qc1 Ne7 31. Bf1 Qc6 32. Qa3 Nc8 33. Be2 Kf7 34.
Qa5 Nd6 35. Qd8 Qc8 36. Ne5+ Nxe5 37. Qxd6 Nd7 38. Qa3 Qc6 39. Qb2 Qc7 40. Kf3
Qc6 41. Qd2 Qc7 42. Qb4 Qc6 43. a4 bxa4 44. bxa4 1/2-1/2

[Event "Høstturnering"]
[Site "Ås"]
[Date "1990.11.20"]
[Round "7"]
[White "Furnes, Torstein"]
[Black "Rosenfeld, Hans Joakim"]
[Result "0-1"]
[WhiteElo "1142"]
[BlackElo "1251"]
[PlyCount "106"]
[EventDate "1990.09.18"]

1. d4 d5 2. c4 e5 3. cxd5 Qxd5 4. Nf3 Nc6 5. Nc3 Bb4 6. Qa4 $4 exd4 7. a3 $2
Bxc3+ 8. bxc3 dxc3 9. e4 $5 Qe6 10. Bf4 Qe7 11. Be5 Nf6 12. Bd3 O-O 13. Bxc3
Bg4 14. Nd2 Ne5 15. Bc2 Rfe8 16. O-O Qd7 17. Qb3 c5 18. Rab1 b5 19. Qxb5 $4
Qxb5 20. Rxb5 Be2 21. Rxc5 Ned7 22. Rf5 $5 Bxf1 23. Kxf1 Rac8 24. Bxf6 Rxc2 25.
Bg5 f6 26. Rd5 fxg5 27. Rxd7 Ra2 28. Rd3 Rc8 29. Ke2 Kf8 30. Ke3 Ke8 31. Nf3 h6
32. Nd4 Rc1 33. Nf5 Re1+ 34. Kf3 g6 35. Nxh6 Ree2 36. Ng4 Red2 37. Rb3 a5 38.
Ke3 Re2+ 39. Kf3 Reb2 40. Rd3 a4 41. e5 Rb3 42. Ke4 Rxd3 43. Kxd3 Rxa3+ 44. Kc4
Rb3 45. Ne3 Rb8 46. Nc2 Kd7 47. g3 Ke6 48. f4 gxf4 49. gxf4 Rc8+ 50. Kd3 Kd5
51. h4 Rb8 52. Kd2 Rb3 53. Ne3+ Rxe3 0-1

[Event "Høstturnering"]
[Site "Ås"]
[Date "1990.11.20"]
[Round "7"]
[White "Lea, Per"]
[Black "Weberg, Øyvind"]
[WhiteElo "1618"]
[BlackElo "1618"]
[Result "1/2-1/2"]
[PlyCount "82"]
[EventDate "1990.09.18"]
1.e4 e5 2.Nf3 Nc6 3.Bb5 a6 4.Ba4 Nf6 5.O-O Be7 6.Re1 b5 7.Bb3 O-O 8.
c3 d5 9.exd5 Nxd5 10.Nxe5 Nxe5 11.Rxe5 Nf6 12.d4 Bd6 13.Re1 Ng4 14.h3
Qh4 15.Qf3 h5 16.Bd2 Bh2+ 17.Kh1 Bd6 18.Kg1 Bb7 19.Qxb7 Qxf2+ 20.Kh1
Qg3 21.Kg1 Qh2+ 22.Kf1 Qh1+ 23.Ke2 Rae8+ 24.Kd1 Nf2+ 25.Kc2 Rxe1 26.
Bxe1 Qxe1 27.Qf3 Bf4 28.Bd5 Qc1+ 29.Kb3 Nd1 30.Qe2 Ne3 31.Bf3 h4 32.
a4 Nc4 33.axb5 axb5 34.Bd5 Nd2+ 35.Ka2 Qf1 36.Qxf1 Nxf1 37.Na3 Ne3 38.
Bc6 Rb8 39.Nxb5 Rb6 40.Na7 Nc2 41.Rf1 g5
1/2-1/2

[Event "Høstturnering"]
[Site "Ås"]
[Date "1990.11.27"]
[Round "8"]
[White "Skaug, Thorbjørn"]
[Black "Lea, Per"]
[WhiteElo "1142"]
[BlackElo "1618"]
[Result "0-1"]
[PlyCount "48"]
[EventDate "1990.09.18"]
1.e3 e5 2.a3 d5 3.b4 Nf6 4.c4 d4 5.exd4 Qxd4 6.Nc3 Ne4 7.Qf3 Nxc3 8.
Qxc3 c5 9.Bb2 Nc6 10.b5 Qxc3 11.Bxc3 Nd4 12.Bd3 f5 13.Bxd4 cxd4 14.
Ne2 Be6 15.f3 Rc8 16.O-O g6 17.Rfc1 Bc5 18.Kh1 O-O 19.Ng3 Rfe8 20.Be2
d3 21.Bxd3 Red8 22.Rc3 Bd4 23.Re1 Bxc3 24.dxc3 Rxd3
0-1

[Event "Høstturnering"]
[Site "Ås"]
[Date "1990.11.27"]
[Round "8"]
[White "Wilberg, Alf"]
[Black "Hellberg, Lars"]
[Result "1-0"]
[WhiteElo "1498"]
[BlackElo "1365"]
[PlyCount "85"]
[EventDate "1990.09.18"]

1. d4 f5 2. Nf3 e6 3. Bf4 Nf6 4. e3 d6 5. Bc4 Be7 6. Ng5 d5 7. Be2 O-O 8. Nd2
Ne4 9. Ndxe4 fxe4 10. h4 h6 11. Nh3 Nd7 12. Bg4 Nf6 13. Be5 Bd6 14. Nf4 Qe8 15.
Bh3 Qf7 16. Qe2 b6 17. O-O-O a5 18. Rdg1 Ba6 19. Qxa6 Rxa6 20. Bxe6 Qxe6 21.
Nxe6 Rf7 22. Bxd6 cxd6 23. g4 Ne8 24. Rh2 Ra8 25. g5 h5 26. Nf4 Nc7 27. Nxh5
Ne6 28. Ng3 Raf8 29. Rgg2 b5 30. Ne2 b4 31. g6 Rc7 32. h5 a4 33. h6 b3 34. axb3
axb3 35. Nc3 Rb8 36. cxb3 Rcb7 37. f4 exf3 38. h7+ Kh8 39. Rg3 Rxb3 40. Rxf3
Ra8 41. Rhf2 Rb7 42. Nxd5 Rc8+ 43. Nc3 1-0

[Event "Høstturnering"]
[Site "Ås"]
[Date "1990.11.27"]
[Round "8"]
[White "Grønvold, Jan"]
[Black "Sebesta, Martin"]
[Result "0-1"]
[WhiteElo "1310"]
[BlackElo "1065"]
[PlyCount "72"]
[EventDate "1990.09.18"]

1. e4 e5 2. Nf3 Nc6 3. Bc4 h6 4. Nc3 Nf6 5. O-O Bb4 6. Re1 d6 7. a3 Ba5 8. d3
a6 9. Be3 Bg4 10. b4 Bb6 11. Bxb6 cxb6 12. Re3 Nd4 13. Qd2 Bxf3 14. gxf3 O-O
15. Kh1 b5 16. Ba2 Rc8 17. Rg1 Nh5 18. Re2 Nxf3 19. Qxh6 Nxg1 20. Qxh5 Nxe2 21.
Nxe2 Qf6 22. Kg1 Rxc2 23. Bb3 Rd2 24. Bd5 Rxd3 25. Ng3 Rf3 26. Nf5 Rxa3 27. Nh4
Qh6 28. Qg4 Kh8 29. Nf5 Qg6 30. Qxg6 fxg6 31. Nxd6 g5 32. Nf7+ Rxf7 33. Bxf7 a5
34. bxa5 Rxa5 35. Bd5 b4 36. Kf1 Rxd5 0-1

[Event "Høstturnering"]
[Site "Ås"]
[Date "1990.??.??"]
[Round "9"]
[White "Skaug, Thorbjørn"]
[Black "Furnes, Torstein"]
[Result "0-1"]
[WhiteElo "1122"]
[BlackElo "1142"]
[PlyCount "52"]
[EventDate "1990.09.18"]

1. e3 d5 2. b4 Nf6 3. Bb2 Bf5 4. Nf3 e6 5. b5 Nbd7 6. c4 dxc4 7. Bxc4 Nc5 8.
O-O Nd3 9. Qb3 Nxb2 10. Qxb2 Bd6 11. d4 Ne4 12. Nbd2 Qf6 13. Nxe4 Bxe4 14. Be2
Qg6 15. g3 h5 16. Nh4 Qf6 17. f4 g5 18. Ng2 h4 19. fxg5 Qxg5 20. g4 Bxg2 21.
Kxg2 Qxe3 22. Bf3 Rb8 23. Rae1 Qg5 24. h3 Ke7 25. d5 Qf4 26. Qf2 Qh2# 0-1

[Event "Høstturnering"]
[Site "Ås"]
[Date "1990.12.21"]
[Round "9"]
[White "Sebesta, Martin"]
[Black "Lea, Per"]
[WhiteElo "1065"]
[BlackElo "1618"]
[Result "0-1"]
[PlyCount "70"]
[EventDate "1990.09.18"]
1.e4 e5 2.Nf3 Nc6 3.Bc4 Nf6 4.Nc3 Bc5 5.O-O d6 6.d3 Bg4 7.h3 Bh5 8.
Bg5 h6 9.Bxf6 Qxf6 10.Nd5 Qd8 11.c3 Qd7 12.b4 Bb6 13.Bb5 a6 14.Ba4
O-O 15.Rb1 Kh8 16.a3 f5 17.Qe2 fxe4 18.Qxe4 Bxf3 19.gxf3 Qxh3 20.Qg4
Rxf3 21.Qxh3 Rxh3 22.Nxb6 cxb6 23.Bc2 b5 24.Kg2 Rh5 25.Rbd1 d5 26.Kg3
Rf8 27.Rd2 Rhf5 28.Bd1 e4 29.Bg4 Rg5 30.f4 exf3 31.Rxf3 Rxf3+ 32.Kxf3
Ne5+ 33.Kg3 Rxg4+ 34.Kf2 h5 35.d4 Nc4
0-1

[Event "Klubbmesterskap, klasse 1"]
[Site "Ås"]
[Date "1991.02.05"]
[Round "1"]
[White "Teigen, Jan"]
[Black "Lea, Per"]
[WhiteElo "1731"]
[BlackElo "1626"]
[EventDate "1991.02.05"]
[Result "1-0"]
[PlyCount "119"]

1.f4 d5 2.e3 Nf6 3.b3 e6 4.Nf3 c5 5.Bb2 Be7 6.Be2 O-O 7.O-O Nc6 8.
Qe1 a6 9.Ne5 Nd7 10.Nxc6 bxc6 11.d3 Bf6 12.Bxf6 Qxf6 13.Nd2 e5 14.f5
Nb6 15.e4 d4 16.h4 Nd7 17.g4 Qe7 18.Qg3 f6 19.g5 a5 20.a4 Ba6 21.Nf3
Rfe8 22.gxf6 Qxf6 23.Nh2 Kh8 24.Bh5 Rg8 25.Kh1 Qe7 26.Rf2 Nf6 27.Qg5
Ra7 28.Rg1 c4 29.bxc4 Bxc4 30.Rfg2 Bf7 31.Bxf7 Qxf7 32.Nf3 Re8 33.Rb1
Rb7 34.Qc1 Rxb1 35.Qxb1 Qc7 36.Ng5 Re7 37.Qb3 Qb7 38.Qc4 Nh5 39.Ne6
Qb4 40.Qxb4 axb4 41.Rg1 Ra7 42.Ra1 Ng3+ 43.Kg2 Ne2 44.a5 Kg8 45.a6
Nc3 46.Nd8 c5 47.Nc6 Ra8 48.Ra5 Nd1 49.a7 Ne3+ 50.Kf3 Nxc2 51.Rb5
Rxa7 52.Nxa7 c4 53.Nc6 Ne1+ 54.Ke2 Nxd3 55.Nxb4 Nf4+ 56.Kd1 c3 57.Kc2
Ng2 58.Rxe5 Ne1+ 59.Kd1 Nf3 60.Rd5
1-0

[Event "Klubbmesterskap, klasse 1"]
[Site "Ås"]
[Date "1991.02.12"]
[Round "2"]
[White "Lea, Per"]
[Black "Rosenfeld, Hans Joachim"]
[WhiteElo "1626"]
[BlackElo "1247"]
[EventDate "1991.02.05"]
[Result "1-0"]
[PlyCount "109"]

1.e4 e5 2.Nf3 Nc6 3.Bb5 a6 4.Ba4 Nf6 5.O-O Be7 6.Re1 b5 7.Bb3 O-O 8.
c3 d6 9.h3 Na5 10.Bc2 c5 11.d4 exd4 12.cxd4 Qc7 13.Nbd2 Nc6 14.d5 Ne5
15.Nb3 Bb7 16.Nxe5 dxe5 17.Bd2 c4 18.Na5 b4 19.Nxb7 Qxb7 20.Qf3 Rac8
21.Rec1 Bc5 22.Qg3 Qb6 23.Rf1 Bd4 24.Rab1 Qd6 25.Be3 Qb6 26.Rfe1 Rfe8
27.Rbd1 a5 28.Ba4 Re7 29.Qf3 Rec7 30.Bxd4 exd4 31.e5 Nd7 32.d6 Nxe5
33.Rxe5 Qxd6 34.Rd5 Qb6 35.R1xd4 Re7 36.Rd7 Rxd7 37.Rxd7 Qe6 38.Qd5
Qxd5 39.Rxd5 c3 40.bxc3 bxc3 41.Rd1 g6 42.Rc1 f5 43.Kf1 Kf7 44.Ke2 g5
45.Kd3 h6 46.Rxc3 Rb8 47.Rc7+ Kf6 48.Bb3 Ra8 49.Kc3 g4 50.h4 f4 51.
Rf7+ Ke5 52.Rh7 Rc8+ 53.Kd2 Rc6 54.Rg7 Kf6 55.Rxg4
1-0

[Event "Klubbmesterskap, klasse 1"]
[Site "Ås"]
[Date "1991.02.19"]
[Round "3"]
[White "Wilberg, Alf"]
[Black "Lea, Per"]
[WhiteElo "1496"]
[BlackElo "1626"]
[EventDate "1991.02.05"]
[Result "0-1"]
[PlyCount "32"]

1.d4 d5 2.Nf3 Nf6 3.Bf4 c5 4.c3 Bf5 5.e3 Nc6 6.Nbd2 e6 7.Qb3 Qc8 8.
Bb5 a6 9.Bxc6+ Qxc6 10.Ne5 c4 11.Qd1 Qb5 12.Qc1 Be7 13.Ndf3 O-O 14.
O-O Nh5 15.g4 Nxf4 16.gxf5 Ne2+
0-1

[Event "Klubbmesterskap, klasse 1"]
[Site "Ås"]
[Date "1991.04.30"]
[Round "4"]
[White "Lea, Per"]
[Black "Olsen, Trygve"]
[WhiteElo "1626"]
[BlackElo "1281"]
[EventDate "1991.02.05"]
[Result "1-0"]
[PlyCount "63"]

1.e4 e6 2.d4 d6 3.c4 c6 4.Nc3 Qf6 5.f4 Nh6 6.Nf3 Nd7 7.Be2 e5 8.
fxe5 dxe5 9.d5 Bc5 10.Bg5 Qg6 11.Qd2 f6 12.Bxh6 Qxh6 13.Qxh6 gxh6 14.
Nh4 Nb6 15.a3 Bd7 16.Bh5+ Kd8 17.Be2 Kc7 18.b4 Bd4 19.Rc1 c5 20.Rf1
Be3 21.Rc2 cxb4 22.axb4 Bg5 23.Nf5 Rae8 24.c5 Nc8 25.d6+ Kb8 26.h4 a6
27.hxg5 hxg5 28.Nd5 Ref8 29.Nfe7 Nxe7 30.dxe7 Rc8 31.Rxf6 h5 32.Nb6
1-0

[Event "Klubbmesterskap, klasse 1"]
[Site "Ås"]
[Date "1991.03.05"]
[Round "5"]
[White "Weberg, Øyvind"]
[Black "Lea, Per"]
[WhiteElo "1627"]
[BlackElo "1626"]
[EventDate "1991.02.05"]
[Result "1-0"]
[PlyCount "145"]

1.c4 Nf6 2.Nc3 e6 3.g3 d5 4.cxd5 exd5 5.Nf3 Be7 6.Bg2 O-O 7.O-O b6
8.d4 Bb7 9.b3 Nbd7 10.Bb2 Ne4 11.Rc1 Ndf6 12.Nd2 Nxc3 13.Bxc3 Ba3 14.
Rc2 Rc8 15.Bh3 Ra8 16.Nb1 Bd6 17.f3 Bc8 18.Bg2 Re8 19.Re1 Bf5 20.Rc1
Qd7 21.Qd2 Re7 22.Bb4 Rae8 23.Bxd6 Qxd6 24.Nc3 c6 25.Nd1 Re6 26.Nf2
Re3 27.Nd1 R3e6 28.Kf2 h6 29.Rc3 Qb4 30.e3 a5 31.Qc1 Qd6 32.Nb2 b5
33.Bf1 Nd7 34.Bd3 Bxd3 35.Nxd3 b4 36.Rc2 Rc8 37.Nc5 Nxc5 38.Rxc5 Qc7
39.Qc2 Qb6 40.Rxd5 cxd5 41.Qxc8+ Kh7 42.Rc1 Qb5 43.Qc2+ g6 44.Qe2 Qb6
45.Rc5 Rd6 46.Ke1 Kg7 47.Qb5 Qxb5 48.Rxb5 Ra6 49.Rxd5 a4 50.Rb5 axb3
51.axb3 Ra1+ 52.Kd2 Ra2+ 53.Kd3 Rxh2 54.g4 Rf2 55.Ke4 f5+ 56.gxf5
gxf5+ 57.Rxf5 Rb2 58.d5 Rxb3 59.d6 Ra3 60.Rb5 Ra6 61.d7 Ra8 62.Rxb4
Rd8 63.Rd4 Kf6 64.Kf4 Ke7 65.Kg4 Rg8+ 66.Kh5 Kd8 67.e4 Rg3 68.f4 Rh3+
69.Kg4 Rh1 70.e5 h5+ 71.Kf5 h4 72.e6 Re1 73.Re4
1-0

[Event "Klubbmesterskap, klasse 1"]
[Site "Ås"]
[Date "1991.03.12"]
[Round "6"]
[White "Lea, Per"]
[Black "Stensland, Martin"]
[WhiteElo "1626"]
[BlackElo "1255"]
[EventDate "1991.02.05"]
[Result "1/2-1/2"]
[PlyCount "45"]

1.e4 e6 2.d4 d5 3.Nc3 Bb4 4.e5 c5 5.a3 cxd4 6.axb4 dxc3 7.bxc3 Qc7
8.Qd4 Ne7 9.Nf3 Nf5 10.Bb5+ Bd7 11.Bxd7+ Nxd7 12.Qd3 Nxe5 13.Nxe5
Qxe5+ 14.Kf1 O-O 15.Bd2 Rac8 16.h4 Qe4 17.Rh3 Rc4 18.f4 Rc6 19.Re1
Qc4 20.g4 Nd6 21.Ke2 Ne4 22.Qxc4 Rxc4 23.Rf1
1/2-1/2

[Event "Klubbmesterskap, klasse 1"]
[Site "Ås"]
[Date "1991.04.16"]
[Round "7"]
[White "Hellberg, Lars"]
[Black "Lea, Per"]
[WhiteElo "1374"]
[BlackElo "1626"]
[EventDate "1991.02.05"]
[Result "1-0"]
[PlyCount "41"]

1.e4 e5 2.Nf3 Nc6 3.Bb5 a6 4.Ba4 Nf6 5.d4 exd4 6.e5 Ne4 7.O-O b5 8.
Bb3 Bb7 9.Re1 Na5 10.c3 dxc3 11.bxc3 Bc5 12.Be3 Qe7 13.Bd5 Bxe3 14.
Rxe3 Nc5 15.Bxb7 Naxb7 16.Nd4 O-O 17.Qg4 Ne6 18.Rg3 f6 19.Nf5 Qc5 20.
Nxg7 Kh8 21.Nxe6
1-0

[Event "Klubbmesterskap, klasse 1"]
[Site "Ås"]
[Date "1991.04.02"]
[Round "8"]
[White "Lea, Per"]
[Black "Furnes, Torstein"]
[WhiteElo "1626"]
[BlackElo "1319"]
[EventDate "1991.02.05"]
[Result "1/2-1/2"]
[PlyCount "87"]
1.e4 c5 2.Nf3 Nc6 3.d4 cxd4 4.Nxd4 e6 5.Nc3 Be7 6.Bc4 d6 7.O-O Nf6
8.Bg5 O-O 9.Kh1 a6 10.f4 Nd7 11.Bxe7 Nxe7 12.Bxe6 Qb6 13.Bb3 Nf6 14.
Qd3 Qc7 15.Rad1 b5 16.Nf3 Ng6 17.Ng5 b4 18.Nd5 Nxd5 19.Bxd5 Bb7 20.
Bxb7 Qxb7 21.Qxd6 h6 22.f5 Nh4 23.Nf3 Qxe4 24.Nxh4 Qxh4 25.Qf4 Qxf4
26.Rxf4 Rac8 27.Rxb4 Rxc2 28.h3 Re8 29.a4 Ree2 30.Rg1 Rxb2 31.Rxb2
Rxb2 32.Ra1 a5 33.Kh2 Rf2 34.Rd1 Rxf5 35.Rd8+ Kh7 36.Ra8 Kg6 37.Ra6+
Kg5 38.Kg3 Rc5 39.h4+ Kf5 40.Kh3 h5 41.Ra7 Kf6 42.Ra6+ Kf5 43.Ra7 Kg6
44.Ra6+
1/2-1/2

[Event "Klubbmesterskap, klasse 1"]
[Site "Ås"]
[Date "1991.04.09"]
[Round "9"]
[White "Grønvold, Jan"]
[Black "Lea, Per"]
[WhiteElo "1286"]
[BlackElo "1626"]
[EventDate "1991.02.05"]
[Result "1-0"]
[PlyCount "90"]

1.e4 e5 2.Nf3 Nc6 3.d4 exd4 4.Nxd4 Bc5 5.Be3 Qf6 6.c3 Nge7 7.Be2 d5
8.Nb5 Bxe3 9.fxe3 Qe5 10.exd5 a6 11.Nxc7+ Qxc7 12.dxc6 Nxc6 13.O-O
O-O 14.Na3 Be6 15.Nc2 Rad8 16.Nd4 Bd5 17.Bf3 Qe5 18.Qd2 Rfe8 19.Bxd5
Rxd5 20.Rae1 Qg5 21.Rf3 Ne5 22.Rg3 Qd8 23.Qe2 Qc8 24.Qf1 Nc4 25.Re2
Rde5 26.Qf4 Qd7 27.Rf3 Re4 28.Qg3 Ne5 29.Rf1 Rg4 30.Qf2 Nd3 31.Qf3
Ne5 32.Qf5 Qxf5 33.Nxf5 Re4 34.Nd6 Nc4 35.Nxe4 Rxe4 36.Rd1 Kf8 37.Rd4
Rxe3 38.Rxe3 Nxe3 39.Rd7 b5 40.Ra7 Nc4 41.b3 Na3 42.Rxa6 Nb1 43.Rc6
Ke7 44.c4 bxc4 45.Rxc4 Na3
1-0

[Event "Klubbmesterskap, klasse 1"]
[Site "Ås"]
[Date "1991.??.??"]
[Round "?"]
[White "Teigen, Jan"]
[Black "Wilberg, Alf"]
[Result "1/2-1/2"]
[WhiteElo "1731"]
[BlackElo "1496"]
[PlyCount "91"]
[EventDate "1991.02.05"]

1. f4 Nf6 2. Nf3 d5 3. e3 Bg4 4. b3 e6 5. Bb2 Nbd7 6. Be2 Be7
7. O-O c5 8. d3 Qb6 9. Nbd2 h6 10. a4 O-O 11. h3 Bxf3 12. Bxf3 Rac8 13. Kh1
Rfd8 14. Qe2 Nf8 15. e4 dxe4 16. dxe4 Qc7 17. Nc4 Ng6 18. g3 Nd7 19. e5 Nb6 20.
Ne3 Rd7 $2 21. a5 $1 Nd5 22. Nxd5 exd5 23. Bg4 $1 Bf8 24. Bxd7 Qxd7 25. f5 Ne7
26. e6 Qc6 $1 27. exf7+ Kxf7 28. Be5 d4+ 29. Kh2 Nd5 30. Qc4 Bd6 31. Bxd6 Qxd6
32. Rae1 Kf8 33. Qb5 Ne3 $1 34. Rf2 Rc7 35. Qd3 Qe5 36. Ree2 Rf7 37. Rf3 Re7 $1
38. Kg1 $1 Rf7 39. Kh2 Qc7 $6 40. Kg1 $6 Qc6 41. Kf2 g6 42. g4 gxf5 43. gxf5
Qc7 $1 44. Ke1 $2 Qxa5+ 45. Kf2 Qc7 46. Rfxe3 $1 1/2-1/2

[Event "Klubbmesterskap, klasse 1"]
[Site "Ås"]
[Date "1991.??.??"]
[Round "?"]
[White "Stensland, Martin"]
[Black "Rosenfeld, Hans Joachim"]
[Result "1/2-1/2"]
[WhiteElo "1255"]
[BlackElo "1247"]
[PlyCount "82"]
[EventDate "1991.02.05"]

1. Nf3 Nf6 2. d4 g6 3. b3 Bg7 4. e3 O-O 5. Bd3 d6 6. O-O Nc6 7. a3 e5 8. Nbd2
Qe7 9. dxe5 dxe5 10. e4 Nh5 11. Bb2 Nf4 12. Bc4 h5 13. h4 Bg4 14. Qe1 Bf6 15.
Ng5 Bxg5 16. hxg5 Qxg5 17. Qe3 Nd4 18. Bxd4 exd4 19. Qg3 h4 20. Nf3 hxg3 21.
Nxg5 gxf2+ 22. Rxf2 Ne6 23. Nf3 Ng7 24. Nxd4 Rad8 25. Rf4 Rxd4 26. Rxg4 Nf5 27.
Rxg6+ Kh7 28. Rf6 Ne3 29. Bd3 Kg7 30. Rf3 Ng4 31. Rg3 f5 32. Re1 Re8 33. e5 Kh6
34. e6 Kg5 35. Rf3 f4 36. g3 Re7 37. gxf4+ Rxf4 38. Rg3 Kf6 39. Bc4 Ne5 40. Rd1
Nxc4 41. bxc4 Rxc4 1/2-1/2

[Event "Klubbmesterskap, klasse 1"]
[Site "Ås"]
[Date "1991.??.??"]
[Round "?"]
[White "Grønvold, Jan"]
[Black "Weberg, Øyvind"]
[Result "0-1"]
[WhiteElo "1286"]
[BlackElo "1627"]
[Annotator "Weberg, Øyvind"]
[PlyCount "106"]
[EventDate "1991.02.05"]

1. e4 e5 2. Nf3 Nc6 3. d4 exd4 4. Nxd4 Nge7 5. Nc3 d6 6. Bc4 Ne5 $6 7. Be2 $2
Bd7 8. Bg5 f6 9. Bh5+ N7g6 10. Be3 Be7 11. f4 $6 Nf7 12. f5 Nge5 13. Ne6 Qc8
14. Nxg7+ Kd8 15. Qd5 c6 16. Ne6+ Bxe6 17. Qxe6 Qxe6 18. fxe6 Ng5 19. O-O-O $2
Nxe6 20. Be2 Rg8 $1 21. Rhg1 Kc7 22. h3 Rg7 23. Bh6 Rg6 24. Be3 Rag8 25. g4 Ng5
$1 26. h4 $2 Ngf7 27. Rdf1 Nxg4 28. h5 R6g7 29. Bd4 Nge5 30. Rxg7 Rxg7 31. Nd1
Rg2 32. Rf2 Rg1 33. Rf1 Rxf1 34. Bxf1 b6 $1 35. Be2 Ng5 36. Nf2 Bf8 $1 37. Kd1
Bh6 38. Bf1 Kd7 39. Bg2 Ke6 40. Ke2 Kf7 41. Be3 Kg7 42. Bd4 Ne6 $1 43. Bc3 $2
Nf4+ 44. Kf1 Nxg2 45. Kxg2 Bc1 46. Nh1 Nc4 47. Ng3 Bxb2 48. Bxb2 Nxb2 49. Nf5+
Kf7 50. Nxd6+ Ke6 51. Nf5 $2 Ke5 52. Kf3 Nc4 53. c3 Nd2+ 0-1

[Event "Klubbmesterskap, klasse 1"]
[Site "Ås"]
[Date "1991.??.??"]
[Round "?"]
[White "Stensland, Martin"]
[Black "Furnes, Torstein"]
[Result "0-1"]
[WhiteElo "1255"]
[BlackElo "1319"]
[Annotator "Furnes, Torstein"]
[PlyCount "74"]
[EventDate "1991.02.05"]

1. Nf3 d5 2. d4 Nf6 3. Bg5 e6 4. Nbd2 Be7 5. e3 Nbd7 6. c4 c5
7. cxd5 Nxd5 8. Bxe7 Qxe7 9. Bd3 O-O 10. O-O cxd4 11. Nxd4 b6 12. Be4 Bb7 13.
Bxd5 Bxd5 14. e4 Bb7 15. Rc1 Qb4 16. N2b3 Bxe4 17. Nxe6 fxe6 18. Qxd7 Bd5 19.
Rc7 Qg4 20. f3 Rxf3 $4 21. Rc8+ $2 (21. Rxf3 Bxf3 22. Qf7+ Kh8 23. Qxf3 $18)
21... Rxc8 22. Qxc8+ Kf7 23. Qd7+ Kg6 24. Rxf3 Bxf3 25. Qd3+ Be4 26. Qf1 Bd5
27. Qd3+ Qe4 28. Qg3+ Kf6 29. Nd2 Qd4+ 30. Qf2+ Qxf2+ 31. Kxf2 Bxa2 32. b3 a5
33. Ke3 b5 34. Kd3 a4 35. Kc3 Bxb3 36. Nxb3 axb3 37. Kxb3 Ke5 0-1